000 00621nam a22002172 4500
001 0000005233
005 20151217151957.0
008 070608s xx 000 0 eng d
040 _aKABU
_cKABU
050 0 _aTK7816
_b.G75 1997
100 1 _aGrob, Bernard.
_@0000156409
245 1 0 _aBasic electronics /
_cBernard Grob.
250 _a8th ed.
260 _aNew Delhi :
_bTata McGraw-Hill,
_c1997.
300 _aix, 1010 p.
650 0 _aElectronics.
_@0000010711
908 _a070608
950 _@1
999 _c6932
_d6932